000 00496nam a2200181Ii 4500
003 JO-AjNU
005 20241116094532.0
008 230605s9999||||xx |||||||||||||| ||und||
017 _a2007/2/422
040 _aJO-AjNU
_bara
_erda
_cJO-AjNU
041 _aara
050 1 4 _aHF 5657.D3364 2010
245 0 0 _aمخرج بموجب مستند اخراجات رقم 64
336 _atext
_btxt
_2rdacontent
337 _aunmediated
_bn
_2rdamedia
338 _avolume
_bnc
_2rdacarrier
942 _2lcc
_cBK
999 _c14736
_d14736